000 00753nam a2200217 a 4500
001 000024181
005 20200930022803.0
008 110119s1972 ag a r 001 0 spa d
040 _aDO-SdBNP
_bspa
_cBNPHU
082 _annnn
_bF954e
100 1 _aFuertes Jovellar, Antonio,
_949657
245 1 0 _aEducación para la salud :
_borientación para educadores /
_cAntonio Fuertes Jovellar y Javier Sarria Amigot ; prólogo de Rafael Gómez Lus.
260 _aBuenos Aires :
_bGuadalupe,
_c1972.
300 _a313 p. ;
_c24 cm.
490 1 _aAlianza para el progreso
500 _aIncluye índice
700 1 _aGómez Lus, Rafael,
_epról.
_949658
700 1 _aSarria Amigot, Javier,
_949659
830 0 _aAlianza para el progreso
_941672
049 _aBNGR
999 _c23675
_d23675